000 00292nam a2200097Ia 4500
082 _a839.36|VANC
245 0 _aTussenstand : letterkundige opstelle
100 _a VAN COLLER, H.P. Pretoria, 2009 1ste uitgawe
_957351
942 _cBK
008 210817s9999 xx 000 0 und d
999 _c179239
_d179238